| 000 | 004370000a22001690004500 | ||
|---|---|---|---|
| 003 | MACL | ||
| 005 | 20160113132211.0 | ||
| 008 | 160113b xxu||||| |||| 00| 0 eng d | ||
| 040 |
_aMACL _cMACL |
||
| 041 | _aEnglish | ||
| 082 | _a942/RHY | ||
| 100 |
_aFroude, James Anthony _924197 |
||
| 245 | _aThe Reign of Edward the sixth | ||
| 260 |
_bJ M Dent & Sons LTD _c1912 _aLondon |
||
| 650 |
_aHistory _931780 |
||
| 942 |
_cBK _k942.05/RHY _2ddc |
||
| 999 |
_c37337 _d37337 |
||